[Event "EU-ch Amateur Online Final 1700/2000"]
[White "Makris, Spyridon Dionysios"]
[Black "Ozakpinar, Emre"]
[Site "Tornelo INT"]
[Round "4"]
[Result "1-0"]
[Date "2021.04.25"]
[WhiteElo "1935"]
[BlackElo "1717"]
[PlyCount "77"]
[EventDate "2021.04.25"]
[EventType "swiss (rapid)"]
[EventRounds "9"]
[EventCountry "NET"]
[SourceTitle "EXT 2023"]
[Source "ChessBase"]
[SourceDate "2022.10.05"]
[SourceVersion "1"]
[SourceVersionDate "2022.10.05"]
[SourceQuality "1"]

1. d4 e6 2. c4 Nf6 3. Nc3 d5 4. cxd5 exd5 5. Bg5 Be7 6. e3 0-0 7. Bd3 Bg4 8. Qb3 Nbd7 9. h3 Be6 10. Nf3 c5 11. dxc5 Nxc5 12. Qc2 Nxd3+ 13. Qxd3 Qa5 14. 0-0 h6 15. Bxf6 Bxf6 16. Nd4 Rac8 17. Nce2 Rc7 18. Nf4 Qb6 19. a4 a5 20. Nb5 Rc5 21. Nh5 Be5 22. f4 Bb8 23. f5 Bd7 24. f6 g6 25. Nd4 gxh5 26. Qe2 Be5 27. Qxh5 Bxf6 28. Qxh6 Bxd4 29. Qxb6 Bxe3+ 30. Kh1 Bc6 31. Rad1 d4 32. Qxc5 Kh8 33. Rxd4 Bxd4 34. Qxd4+ Kh7 35. Qh4+ Kg6 36. Qf6+ Kh5 37. Rf4 Bxg2+ 38. Kh2 Bxh3 39. Rh4# 1-0

[Event "EU-ch Amateur Online 1700/2000"]
[White "Skiadopoulos, Nikolaos"]
[Black "Ozakpinar, Emre"]
[Site "Tornelo INT"]
[Round "2"]
[Result "1-0"]
[Date "2021.04.24"]
[WhiteElo "1941"]
[BlackElo "1717"]
[PlyCount "55"]
[EventDate "2021.04.24"]
[EventType "swiss (rapid)"]
[EventRounds "8"]
[EventCountry "NET"]
[SourceTitle "EXT 2023"]
[Source "ChessBase"]
[SourceDate "2022.10.05"]
[SourceVersion "1"]
[SourceVersionDate "2022.10.05"]
[SourceQuality "1"]

1. e4 c6 2. d4 d5 3. e5 Bf5 4. Ne2 e6 5. Nf4 Nd7 6. g4 Bg6 7. h4 h6 8. Nxg6 fxg6 9. Bd3 Ne7 10. Be3 Qb6 11. Nd2 0-0-0 12. Nb3 h5 13. a4 hxg4 14. a5 Qc7 15. Qxg4 Nf5 16. Qxg6 Nxh4 17. Qxe6 Ng2+ 18. Ke2 Rxh1 19. Rxh1 Nxe3 20. fxe3 Kb8 21. Rf1 c5 22. Qxd5 cxd4 23. exd4 Nc5 24. Rxf8 Rxf8 25. Nxc5 Rd8 26. Qb3 Ka8 27. Be4 Rb8 28. a6 1-0